Match The Polyatomic Ions To Their Charges - Statistics

General Stats
  • This quiz has been taken 29 times
    24 since last reset
  • The average score is 24 of 33
Answer Stats
Hint Answer % Correct
Perbromate -1
100%
Bromate -1
100%
Bromite -1
100%
Hypobromite -1
100%
Perchlorate -1
100%
Chlorate -1
100%
Periodate -1
100%
Hypoiodite -1
100%
Nitrate -1
100%
Acetate -1
100%
Permanganate -1
100%
Hypochlorite -1
80%
Iodate -1
80%
Iodite -1
80%
Cyanide -1
80%
Thiocyanate -1
80%
Carbonate -2
80%
Sulfite -2
80%
Chlorite -1
60%
Nitrite -1
60%
Hydroxide -1
60%
Bicarbonate -1
60%
Ammonium Ion +1
60%
Chromate -2
60%
Peroxide -2
60%
Phosphate -3
60%
Phthalate -2
40%
Sulfate -2
40%
Dichromate -2
40%
Oxalate -2
40%
Phosphite -3
40%
Hydrogen Phosphate -2
20%
Arsenate -3
0%
No matching quizzes found
Score Distribution
Percent of People with Each Score
Percentile by Number Answered
Your Score History
You have not taken this quiz since the last reset